Czechia in pictures - Statistics

General Stats
  • This quiz has been taken 83 times
  • The average score is 14 of 40
Answer Stats
Picture Answer % Correct
Karlštejn
83%
Tančící dům
72%
Karlův most
71%
Temelín
64%
Hluboká
62%
Říp
62%
Ještěd
61%
Václavské Náměstí
59%
Sněžka
57%
Červená Lhota
54%
Petřín
54%
Praděd
54%
Pražský Orloj
49%
Lednice
48%
Vila Tugendhat
46%
Brněnský Orloj
43%
Telč
43%
Kolonáda Karlovy Vary
41%
Pravčická brána
36%
Adršpach
33%
Babiččino Údolí
33%
Zahrady Kroměříž
23%
Punkva
22%
Moravský Kras
19%
Chrám sv. Víta
17%
Chrám sv. Barbory
16%
Máchovo jezero
16%
Panská Skála
16%
Pernštejn
16%
Prachovské skály
16%
Stezka v oblacích
16%
Holašovice
14%
Sloup Nejsvětější Trojice
14%
Vydra
12%
Pančavský vodopád
10%
Orlík
9%
Janův zámek
7%
Mechové jezírko
4%
Dřevěné městečko
3%
Kamenice
1%
No matching quizzes found
Score Distribution
Percent of People with Each Score
Percentile by Number Answered
Your Score History
You have not taken this quiz